000 00423nam a2200205Ia 4500
001 13151
003 GE_BSU
008 181216s||||||||xx |||||||||||||| ||und||
020 _a0747267669
040 _cGE_BSU
080 _a821.111-32
100 _aCole,Martina.
245 4 _aThe Graft.
260 _aLondon.
260 _bHeadline.
260 _c2005
300 _a677p;18cm.
653 _aThe Graft.
942 _cBK
999 _c46315
_d46315